Statistics for German nouns in English

Click here to take the quiz!

General Stats

  • This quiz has been taken 928 times
    (106 since last reset)
  • The average score is 15 of 20

Answer Stats

German nounHintAnswer% Correct
KindKindergartenchild
98%
BierBiergardenbeer
95%
WagenVolkswagencar
92%
WurstBratwurstsausage
90%
GeistPoltergeistspirit
90%
ZeitZeitgeisttime
90%
VolkVolkswagenpeople
89%
DoppelDoppelgangerdouble
84%
SpielBonspielgame
84%
BlitzBlitzkrieglightning
84%
KopfDummkopfhead
82%
HoseLederhosenpants
82%
WeltWeltanschauungworld
76%
GesundheitBless you to make it bettergood health
75%
NussNussknacker Balletnut
74%
TorBrandenburger Torgate
63%
LederLederhosenleather
61%
GlockeGlockenspielbell
42%
LustWanderlustdesire
33%
ErsatzErsatz coffeesubstitute
27%

Score Distribution

Percentile by Number Answered

Percent of People with Each Score

Your Score History

You have not taken this quiz since the last reset